Central Library and Information Centre
Sibsagar Girls' College, Sivasagar : Assam

SWAHID SURUROWANI (Record no. 2571)

MARC details
000 -LEADER
fixed length control field 00315cam a2200145ua 4500
008 - FIXED-LENGTH DATA ELEMENTS--GENERAL INFORMATION
fixed length control field 131127n II |||gr||||Z||||||asm
040 ## - CATALOGING SOURCE
Original cataloging agency MAIN
041 ## - LANGUAGE CODE
-- English
082 ## - DEWEY DECIMAL CLASSIFICATION NUMBER
Classification number 891.451 DEK
100 ## - MAIN ENTRY--PERSONAL NAME
Personal name DEKA , MAHES KUMAR.
245 ## - TITLE STATEMENT
Title SWAHID SURUROWANI
942 ## - ADDED ENTRY ELEMENTS (KOHA)
Koha item type Books
653 ## - INDEX TERM--UNCONTROLLED
Uncontrolled term Asomiya Sahitya
Holdings
Withdrawn status Lost status Damaged status Not for loan Collection code Home library Current library Shelving location Date acquired Full call number Barcode Date last seen Copy number Price effective from Koha item type Public note
Withdrawn       REFASM Central Library and Information Centre Sibsagar Girls College Central Library and Information Centre Sibsagar Girls College Staff Office 20.06.1970 891.451 DEK 02900 27.02.2020 1 27.02.2020 Books V
        REFHIS Central Library and Information Centre Sibsagar Girls College Central Library and Information Centre Sibsagar Girls College Travel & Tourism 20.06.1970 891.451 DEK 02901 27.02.2020 2 27.02.2020 Books V
        REFASM Central Library and Information Centre Sibsagar Girls College Central Library and Information Centre Sibsagar Girls College ASSAMESE OLD REFERENCE 20.06.1970 891.451 DEK 02902 27.02.2020 3 27.02.2020 Books V
        REFASM Central Library and Information Centre Sibsagar Girls College Central Library and Information Centre Sibsagar Girls College   20.06.1970 891.451 DEK 02903 27.02.2020 4 27.02.2020 Books  
        REFASM Central Library and Information Centre Sibsagar Girls College Central Library and Information Centre Sibsagar Girls College   20.06.1970 891.451 DEK 02904 27.02.2020 5 27.02.2020 Books  


Sibsagar Girl's College © 2020. All rights reserved.
Powered by Koha.
Maintained by Abhijit Borpuzari.